书目信息 |
| 题名: |
Java语言程序设计题解与上机指导
|
|
| 作者: | 马皓 , 吕凤翥 编著 | |
| 分册: | ||
| 出版信息: | 北京 清华大学出版社 2011.01 |
|
| 页数: | 211页 | |
| 开本: | 26cm | |
| 丛书名: | 普通高校本科计算机专业特色教材精选 | |
| 单 册: | ||
| 中图分类: | TP312JA | |
| 科图分类: | ||
| 主题词: | JAVA语言--java yu yan--程序设计--高等学校--教学参考资料 | |
| 电子资源: | ||
| ISBN: | 978-7-302-24232-1 | |
| 000 | 01269nam 2200313 450 | |
| 001 | 296731 | |
| 005 | 20110830110920.60 | |
| 010 | @a978-7-302-24232-1@dCNY21.00 | |
| 100 | @a20110304d2011 em y0chiy50 ea | |
| 101 | 0 | @achi |
| 102 | @aCN@b110000 | |
| 105 | @aak z 000yy | |
| 106 | @ar | |
| 200 | 1 | @aJava语言程序设计题解与上机指导@AJava yu yan cheng xu she ji ti jie yu shang ji zhi dao@f编著吕凤翥, 马皓 |
| 205 | @a第2版 | |
| 210 | @a北京@c清华大学出版社@d2011.01 | |
| 215 | @a211页@c图@d26cm | |
| 225 | 2 | @a普通高校本科计算机专业特色教材精选@Apu tong gao xiao ben ke ji suan ji zhuan ye te se jiao cai jing xuan@i算法与程序设计 |
| 311 | @a本书是《Java语言程序设计》(第2版) 的配套用书 | |
| 330 | @a《Java语言程序设计题解与上机指导(第2版)》是《Java语言程序设计(第2版)》的教辅用书。每章包括:主教材本章主要内容介绍、程序举例、习题解答、上机指导、测试题等内容。 | |
| 410 | 0 | @12001 @a普通高校本科计算机专业特色教材精选@i算法与程序设计 |
| 488 | 0 | @1001 CAL 012010236997@12001 @aJava语言程序设计@1205 @a第2版 |
| 586 | @a | |
| 606 | 0 | @aJAVA语言@Ajava yu yan@x程序设计@x高等学校@j教学参考资料 |
| 690 | @aTP312JA@v5 | |
| 701 | 0 | @a马皓@Ama hao@4编著 |
| 701 | 0 | @a吕凤翥@Alu^ feng zhu@4编著 |
| 801 | 0 | @aCN@c20110610 |
| 905 | @dTP312JA@eZ918 | |
| Java语言程序设计题解与上机指导/编著吕凤翥, 马皓.-第2版.-北京:清华大学出版社,2011.01 |
| 211页:图;26cm.-(普通高校本科计算机专业特色教材精选.算法与程序设计) |
| ISBN 978-7-302-24232-1:CNY21.00 |
| 《Java语言程序设计题解与上机指导(第2版)》是《Java语言程序设计(第2版)》的教辅用书。每章包括:主教材本章主要内容介绍、程序举例、习题解答、上机指导、测试题等内容。 |
| ● |
| 相关链接 |
|
|
|
正题名:Java语言程序设计题解与上机指导
索取号:TP312JA/Z918
 
预约/预借
| 序号 | 登录号 | 条形码 | 馆藏地/架位号 | 状态 | 备注 |
| 1 | 889043 | 208890431 | 自科二线404/404自科库 19排5列6层/ [索取号:TP312JA/Z918] | 在馆 | |
| 2 | 889044 | 208890440 | 自科库301/301自科库 85排2列5层/ [索取号:TP312JA/Z918] | 在馆 | |
| 3 | 889045 | 208890459 | 自科库301/301自科库 85排2列5层/ [索取号:TP312JA/Z918] | 在馆 |